Generalization of archimax copulas for higher dimensions : Dissertation thesis

Uložené v:
Podrobná bibliografia
Hlavný autor: Jágr, Vladimír, 1985- (Autor)
Ďalší autori: Mesiar, Radko, 1951- (Vedúci práce)
Médium: Rukopis Kniha
Jazyk:English
Vydavateľské údaje: Bratislava : STU v Bratislave SvF, 2012
Predmet:
On-line prístup:VAIS
Tagy: Pridať tag
Žiadne tagy, Buďte prvý, kto otaguje tento záznam!

MARC

LEADER 00000ntm a22000003a 4500
001 stu271274
005 20160721135645.7
008 130719s--------xo------------------eng-d
040 |a STU  |b slo 
041 0 |a eng 
044 |a xo 
100 1 |a Jágr, Vladimír,  |d 1985-  |4 aut  |X 60310  |7 A000060310 
242 0 0 |a Zovšeobecnenie Archimax kopúl pre vyššie dimenzie  |y slo 
245 1 |a Generalization of archimax copulas for higher dimensions :  |b Dissertation thesis 
260 |a Bratislava :  |b STU v Bratislave SvF,  |c 2012 
300 |a 79 s 
650 7 |a Archimax copula  |2 estusub 
650 7 |a Archimedean copula  |2 estusub 
650 7 |a copula  |2 estusub 
650 7 |a kopula  |2 stusub 
650 7 |a aplikovaná matematika  |2 stusub 
650 7 |a Applied Mathematics  |2 estusub 
700 1 |a Mesiar, Radko,  |d 1951-  |4 ths  |u V220  |U SvF Stavebná fakulta  |T SvF Katedra matematiky a deskriptívnej geometrie  |X 769  |U V220  |Y 23  |7 A000000769 
856 4 |a info a plný text  |u http://is.stuba.sk/zp/portal_zp.pl?podrobnosti=75777  |3 VAIS 
996 |b 284V036716  |c V*3113/DP-1093  |l VVS  |s P  |a 0  |w stu271274_0001